Koncepty výběru destinace s důrazem na zimní cestovní ruch
Niekoľko faktov o zimnom cestovnom ruchu. Výber destinácie zimného cestovného ruchu. Motivácia cestujúcich. Hierarchická hodnotová mapa pre výber lyžiarskej destinácie. Dôležité faktory pre výber destinácie vo vybraných krajinách. Obraz destinácie. Väzba na miesto. Opakovaný nákup a lojálnosť zákazn...
Salvato in:
| Autore principale: | |
|---|---|
| Altri autori: | |
| Natura: | Capitolo di libro |
| Lingua: | ceco |
| Soggetti: | |
| Tags: |
Nessun Tag, puoi essere il primo ad aggiungerne!!
|
MARC
| LEADER | 00000nla a2200000 4500 | ||
|---|---|---|---|
| 001 | 0236927 | ||
| 005 | 20240417075128.1 | ||
| 041 | 0 | |a cze | |
| 044 | |a CZ | ||
| 245 | 1 | 0 | |a Koncepty výběru destinace s důrazem na zimní cestovní ruch |c Dana Fialová, Marek Lněnička |
| 520 | |a Niekoľko faktov o zimnom cestovnom ruchu. Výber destinácie zimného cestovného ruchu. Motivácia cestujúcich. Hierarchická hodnotová mapa pre výber lyžiarskej destinácie. Dôležité faktory pre výber destinácie vo vybraných krajinách. Obraz destinácie. Väzba na miesto. Opakovaný nákup a lojálnosť zákazníkov. | ||
| 610 | 2 | 0 | |a ruch cestovný |
| 610 | 2 | 0 | |a oddych |
| 610 | 2 | 0 | |a šport |
| 610 | 2 | 0 | |a zákazníci |
| 610 | 2 | 0 | |a spokojnosť zákazníkov |
| 610 | 2 | 0 | |a lojálnosť zákazníkov |
| 610 | 2 | 0 | |a ceny |
| 610 | 2 | 0 | |a kvalita |
| 610 | 2 | 0 | |a služby |
| 610 | 2 | 0 | |a informácie |
| 100 | 1 | |a Fialová, Dana | |
| 700 | 1 | |a Lněnička, Marek | |